[Event "Titled Tuesday intern op 12th Mar Late"]
[Site "Chess.com INT"]
[Date "2024.03.12"]
[Round "5"]
[White "Bach, Matthias"]
[Black "Bonin, Jay R"]
[Result "1-0"]
[WhiteElo "2210"]
[BlackElo "2154"]
[PlyCount "59"]
[EventDate "2024.03.12"]
[EventType "swiss (blitz)"]
[EventRounds "11"]
[EventCountry "USA"]
[SourceTitle "CB12_2024"]
[SourceDate "2023.10.01"]
[SourceVersion "1"]
[SourceVersionDate "2023.10.01"]
[SourceQuality "1"]

1. d4 Nf6 2. c4 e6 3. Nf3 a6 4. g3 b5 5. b3 Bb7 6. Bg2 Bb4+ 7. Bd2 Be7 8. 0-0 c5 9. d5 exd5 10. Nh4 Ne4 11. Nf5 Bf6 12. Bxe4 dxe4 13. Nd6+ Kf8 14. Nxb7 Qc7 15. Bc3 Bxc3 16. Nxc3 Qxb7 17. Qd6+ Kg8 18. Rad1 Nc6 19. Qxc5 bxc4 20. bxc4 Re8 21. f3 exf3 22. Rxf3 Ne5 23. Re3 f6 24. Nd5 h5 25. Rf1 h4 26. Rxf6 hxg3 27. Rxg3 Qb1+ 28. Rf1 Qxf1+ 29. Kxf1 Rxh2 30. Ne7+ 1-0

[Event "Titled Tuesday intern op 12th Mar Late"]
[Site "Chess.com INT"]
[Date "2024.03.12"]
[Round "6"]
[White "Bach, Matthias"]
[Black "Willy, Stephen"]
[Result "0-1"]
[WhiteElo "2210"]
[BlackElo "1994"]
[PlyCount "58"]
[EventDate "2024.03.12"]
[EventType "swiss (blitz)"]
[EventRounds "11"]
[EventCountry "USA"]
[SourceTitle "CB12_2024"]
[SourceDate "2023.10.01"]
[SourceVersion "1"]
[SourceVersionDate "2023.10.01"]
[SourceQuality "1"]

1. d4 e6 2. c4 Bb4+ 3. Bd2 a5 4. g3 Nc6 5. Nf3 d6 6. Bg2 Qe7 7. 0-0 Bxd2 8. Nbxd2 e5 9. d5 Nb8 10. Rc1 b6 11. a3 a4 12. Nb1 Nd7 13. Nc3 Nc5 14. Nd2 f5 15. e4 Nf6 16. f4 exf4 17. exf5 Qe3+ 18. Kh1 Nd3 19. Nb5 Kd8 20. Rc3 Bxf5 21. Nf3 Ng4 22. Rxd3 Bxd3 23. gxf4 Rf8 24. h3 Bxf1 25. Qxf1 Nf2+ 26. Kh2 Rxf4 27. Kg3 Ne4+ 28. Kh2 Nd2 29. Qe1 Nxf3+ 0-1

[Event "Titled Tuesday intern op 12th Mar Late"]
[Site "Chess.com INT"]
[Date "2024.03.12"]
[Round "4"]
[White "Bold, Andre"]
[Black "Bach, Matthias"]
[Result "1-0"]
[WhiteElo "2218"]
[BlackElo "2210"]
[PlyCount "73"]
[EventDate "2024.03.12"]
[EventType "swiss (blitz)"]
[EventRounds "11"]
[EventCountry "USA"]
[SourceTitle "CB12_2024"]
[SourceDate "2023.10.01"]
[SourceVersion "1"]
[SourceVersionDate "2023.10.01"]
[SourceQuality "1"]

1. d4 Nf6 2. Nf3 c5 3. e3 e6 4. c3 b6 5. Nbd2 Ba6 6. Bxa6 Nxa6 7. 0-0 Be7 8. e4 Nc7 9. e5 Nfd5 10. Ne4 f5 11. exf6 Nxf6 12. Nxf6+ Bxf6 13. dxc5 bxc5 14. Qd6 Be7 15. Qg3 0-0 16. Bf4 Nd5 17. Bd6 Bxd6 18. Qxd6 Rb8 19. b3 Nxc3 20. Qxc5 Qf6 21. Kh1 Rb5 22. Qd4 Rf5 23. Qxf6 R8xf6 24. Rac1 Ne4 25. Rc8+ Kf7 26. Rc7 Ke8 27. Rxa7 g5 28. h3 h5 29. Re1 Nxf2+ 30. Kh2 g4 31. Nd4 Rd5 32. Ra4 gxh3 33. gxh3 Rf4 34. Nxe6 Rxa4 35. Nc7+ Kd8 36. Nxd5 Rxa2 37. Kg3 1-0

[Event "Titled Tuesday intern op 12th Mar Late"]
[Site "Chess.com INT"]
[Date "2024.03.12"]
[Round "8"]
[White "Kabanov, Nikolai"]
[Black "Bach, Matthias"]
[Result "1-0"]
[WhiteElo "2434"]
[BlackElo "2210"]
[PlyCount "81"]
[EventDate "2024.03.12"]
[EventType "swiss (blitz)"]
[EventRounds "11"]
[EventCountry "USA"]
[SourceTitle "CB12_2024"]
[SourceDate "2023.10.01"]
[SourceVersion "1"]
[SourceVersionDate "2023.10.01"]
[SourceQuality "1"]

1. e4 c5 2. a3 Nc6 3. b4 cxb4 4. axb4 e5 5. b5 Nd4 6. c3 Ne6 7. Nf3 f6 8. Bc4 Nf4 9. 0-0 d5 10. exd5 Bg4 11. d4 Nxd5 12. dxe5 Nb6 13. Qb3 Nxc4 14. Qxc4 Bxf3 15. gxf3 fxe5 16. Re1 Bd6 17. f4 Rc8 18. Qe6+ Ne7 19. fxe5 Bc5 20. Be3 Qd5 21. Qxd5 Nxd5 22. Bxc5 Rxc5 23. Rxa7 0-0 24. Rxb7 Nf4 25. Re3 Rd5 26. Re1 Rd3 27. e6 Nh3+ 28. Kg2 Rxf2+ 29. Kh1 Rf8 30. e7 Re8 31. c4 Nf2+ 32. Kg2 Ng4 33. c5 Rb3 34. Nd2 Rd3 35. Re2 Ne3+ 36. Kg1 Nd5 37. c6 Rc3 38. Rf2 Ne3 39. Nf1 Rc1 40. b6 Rxc6 41. Nxe3 1-0

[Event "Titled Tuesday intern op 12th Mar Late"]
[Site "Chess.com INT"]
[Date "2024.03.12"]
[Round "10"]
[White "Melillo, Lucius"]
[Black "Bach, Matthias"]
[Result "1-0"]
[WhiteElo "2274"]
[BlackElo "2210"]
[PlyCount "55"]
[EventDate "2024.03.12"]
[EventType "swiss (blitz)"]
[EventRounds "11"]
[EventCountry "USA"]
[SourceTitle "CB12_2024"]
[SourceDate "2023.10.01"]
[SourceVersion "1"]
[SourceVersionDate "2023.10.01"]
[SourceQuality "1"]

1. d4 Nf6 2. Bf4 c5 3. e3 Qb6 4. Nc3 d6 5. Bb5+ Bd7 6. a4 a6 7. a5 Qc7 8. Bxd7+ Nbxd7 9. Nf3 h6 10. 0-0 g5 11. Bg3 h5 12. h4 gxh4 13. Nxh4 e6 14. d5 Rg8 15. e4 Rg4 16. Qe2 0-0-0 17. Rfd1 Ne5 18. dxe6 fxe6 19. Bxe5 dxe5 20. Rxd8+ Qxd8 21. Nf3 Bd6 22. Rd1 Qe7 23. Qd3 Ne8 24. Na4 Qg7 25. Nb6+ Kc7 26. Nc4 Qf8 27. Nfxe5 Rf4 28. Ng6 1-0

[Event "Titled Tuesday intern op 19th Dec Early"]
[Site "Chess.com INT"]
[Date "2023.12.19"]
[Round "5"]
[White "Bach, Matthias"]
[Black "Bon, Michael"]
[Result "0-1"]
[WhiteElo "2206"]
[BlackElo "2348"]
[PlyCount "82"]
[EventDate "2023.12.19"]
[EventType "swiss (blitz)"]
[EventRounds "11"]
[EventCountry "USA"]
[SourceTitle "CB52_2023"]
[SourceDate "2023.12.27"]
[SourceVersion "1"]
[SourceVersionDate "2023.12.27"]
[SourceQuality "1"]

1. d4 Nf6 2. c4 c5 3. d5 b5 4. a4 b4 5. g3 Bb7 6. Bg2 g6 7. b3 Bg7 8. Ra2 e6 9. Nh3 exd5 10. cxd5 d6 11. 0-0 Nbd7 12. e4 0-0 13. Nd2 Re8 14. Re1 Ne5 15. Nf4 g5 16. Nh5 Nxh5 17. Qxh5 Nd3 18. Rd1 Qf6 19. Nc4 Nxc1 20. Rxc1 h6 21. Na5 Bc8 22. Nc6 Ba6 23. h4 gxh4 24. Qxh4 Qxh4 25. gxh4 Kh7 26. f4 Rg8 27. Kh2 Bb7 28. Ne7 Rge8 29. Nf5 Bf8 30. Bf3 Bc8 31. Ng3 a5 32. Nh5 Be7 33. Rg2 Rg8 34. Rxg8 Kxg8 35. Rg1+ Kf8 36. e5 Ra6 37. Rg7 Bf5 38. e6 fxe6 39. dxe6 Bxe6 40. Rh7 d5 41. Rh8+ Kf7 0-1

[Event "Titled Tuesday intern op 24th Oct Late"]
[Site "Chess.com INT"]
[Date "2023.10.24"]
[Round "5"]
[White "Becerra, Juan David"]
[Black "Bach, Matthias"]
[Result "1-0"]
[WhiteElo "2322"]
[BlackElo "2207"]
[PlyCount "103"]
[EventDate "2023.10.24"]
[EventType "swiss (blitz)"]
[EventRounds "11"]
[EventCountry "USA"]
[SourceTitle "Mega2024 Update 01"]
[Source "Chessbase"]
[SourceDate "2023.11.12"]
[SourceVersion "1"]
[SourceVersionDate "2023.11.12"]
[SourceQuality "1"]

1. d4 Nf6 2. Nc3 c5 3. e3 cxd4 4. exd4 g6 5. Nf3 Bg7 6. Bf4 0-0 7. Bd3 d6 8. 0-0 Nc6 9. h3 Be6 10. Re1 Rc8 11. Bg5 Nb4 12. Bb5 a6 13. Ba4 Nbd5 14. Nxd5 Bxd5 15. Bb3 Bc4 16. c3 Re8 17. Bxc4 Rxc4 18. Qb3 b5 19. a4 Qb6 20. axb5 Qxb5 21. Qxb5 axb5 22. Ra7 e6 23. Nd2 Rcc8 24. Bf4 Bf8 25. Rea1 Nd5 26. Bg3 Re7 27. Ra8 Rec7 28. Rxc8 Rxc8 29. Ra7 Rb8 30. Kf1 Kg7 31. Rd7 Rb6 32. Ne4 Nf6 33. Nxf6 Kxf6 34. Rd8 Kg7 35. Ke2 Be7 36. Rd7 Bf8 37. Kd3 h6 38. Kc2 g5 39. Kb3 d5 40. Rd8 Be7 41. Rb8 Rxb8 42. Bxb8 f6 43. Ba7 e5 44. Bc5 Bd8 45. Kb4 e4 46. Kxb5 Bc7 47. Kc6 Bh2 48. Kxd5 f5 49. Ke6 Kg6 50. d5 f4 51. d6 g4 52. hxg4 1-0

[Event "Kiel op 35th"]
[Site "Kiel"]
[Date "2023.08.03"]
[Round "8"]
[White "Bach, Matthias"]
[Black "Popvasilev, Kalojan"]
[Result "1/2-1/2"]
[WhiteElo "2215"]
[BlackElo "2203"]
[PlyCount "74"]
[EventDate "2023.07.29"]
[EventType "swiss"]
[EventRounds "9"]
[EventCountry "GER"]
[SourceTitle "CBM 215 Extra"]
[Source "ChessBase"]
[SourceDate "2023.09.30"]
[SourceVersion "1"]
[SourceVersionDate "2023.09.30"]
[SourceQuality "1"]

1. c4 g6 2. d4 Bg7 3. Nc3 d6 4. e4 Nf6 5. f4 0-0 6. Nf3 c5 7. d5 e6 8. Be2 exd5 9. cxd5 b5 10. e5 dxe5 11. fxe5 Ng4 12. Bg5 Qb6 13. 0-0 Nd7 14. e6 fxe6 15. dxe6 Qxe6 16. Nxb5 Ba6 17. Qb3 Qxb3 18. axb3 Bxb5 19. Bxb5 Nde5 20. h3 Nxf3+ 21. gxf3 Bd4+ 22. Kg2 Ne3+ 23. Bxe3 Bxe3 24. Rfe1 Bd4 25. Re7 Rf5 26. Bc6 Rd8 27. Raxa7 Rg5+ 28. Kh1 Bf6 29. Re8+ Rxe8 30. Bxe8 Rg3 31. Bd7 Rxf3 32. Be6+ Kh8 33. Rf7 Rf4 34. Kg2 Be5 35. Rxf4 Bxf4 36. Bc4 Kg7 37. Bd5 Be5 1/2-1/2

[Event "Kiel op 35th"]
[Site "Kiel"]
[Date "2023.08.02"]
[Round "7"]
[White "Boehme, Arne"]
[Black "Bach, Matthias"]
[Result "1/2-1/2"]
[WhiteElo "2153"]
[BlackElo "2215"]
[PlyCount "23"]
[EventDate "2023.07.29"]
[EventType "swiss"]
[EventRounds "9"]
[EventCountry "GER"]
[SourceTitle "CBM 215 Extra"]
[Source "ChessBase"]
[SourceDate "2023.09.30"]
[SourceVersion "1"]
[SourceVersionDate "2023.09.30"]
[SourceQuality "1"]

1. e4 e5 2. Nf3 Nc6 3. Bb5 f5 4. d3 fxe4 5. dxe4 Nf6 6. 0-0 d6 7. Nc3 Be7 8. Bc4 Na5 9. Be2 Nc6 10. Bc4 Na5 11. Be2 Nc6 12. Bc4 1/2-1/2

[Event "Titled Tuesday intern op 01st Aug Late"]
[Site "Chess.com INT"]
[Date "2023.08.01"]
[Round "2"]
[White "Adewumi, Tanitoluwa"]
[Black "Bach, Matthias"]
[Result "1-0"]
[WhiteElo "2277"]
[BlackElo "2218"]
[PlyCount "67"]
[EventDate "2023.08.01"]
[EventType "swiss (blitz)"]
[EventRounds "11"]
[EventCountry "USA"]
[SourceTitle "EXT 2024"]
[Source "ChessBase"]
[SourceDate "2023.10.10"]
[SourceVersion "1"]
[SourceVersionDate "2023.10.10"]
[SourceQuality "1"]

1. e4 e5 2. Nf3 Nc6 3. Bc4 Nf6 4. d3 d6 5. c3 Be6 6. Bxe6 fxe6 7. Qb3 Qd7 8. Qxb7 Rb8 9. Qa6 Be7 10. 0-0 0-0 11. Qa4 d5 12. Nbd2 Qd6 13. Nb3 Nh5 14. Be3 Rxf3 15. gxf3 Nf4 16. Kh1 Nxd3 17. exd5 exd5 18. Qg4 Qf6 19. Rad1 e4 20. fxe4 dxe4 21. Qxe4 Nde5 22. f4 Ng4 23. Nd4 Qh6 24. Rd2 Nxe3 25. Qxe3 Bc5 26. Qe6+ Qxe6 27. Nxe6 Bd6 28. Rg2 g6 29. f5 Re8 30. Re1 Be5 31. Nxc7 Re7 32. Nd5 Rf7 33. fxg6 hxg6 34. Rxg6+ 1-0

[Event "Titled Tuesday intern op 23rd May Late"]
[Site "Chess.com INT"]
[Date "2023.05.23"]
[Round "8"]
[White "Cruz Mendez, Jean Marcos"]
[Black "Bach, Matthias"]
[Result "0-1"]
[WhiteElo "2270"]
[BlackElo "2226"]
[PlyCount "70"]
[EventDate "2023.05.23"]
[EventType "swiss (blitz)"]
[EventRounds "11"]
[EventCountry "USA"]
[SourceTitle "EXT 2024"]
[Source "ChessBase"]
[SourceDate "2023.10.10"]
[SourceVersion "1"]
[SourceVersionDate "2023.10.10"]
[SourceQuality "1"]

1. e4 e5 2. Nf3 Nc6 3. Bb5 Bc5 4. 0-0 d6 5. c3 a6 6. Ba4 Ba7 7. h3 Nge7 8. d4 exd4 9. cxd4 0-0 10. Nc3 d5 11. e5 Bf5 12. Be3 Be4 13. Bc2 Bxf3 14. Qxf3 Bxd4 15. Bxd4 Nxd4 16. Qd3 Nxc2 17. Qxc2 c6 18. Rad1 Qb6 19. Rfe1 Rfe8 20. Ne2 Ng6 21. Ng3 Rxe5 22. Rxe5 Nxe5 23. Qf5 Ng6 24. Re1 Qxb2 25. Nh5 Rf8 26. Rb1 Qe5 27. Qf3 b5 28. Rb3 c5 29. Re3 Qa1+ 30. Kh2 d4 31. Re2 Qc3 32. Qc6 d3 33. Re8 d2 34. Qd7 Qd4 35. Rxf8+ Nxf8 0-1

[Event "Titled Tuesday intern op 23rd May Late"]
[Site "Chess.com INT"]
[Date "2023.05.23"]
[Round "3"]
[White "Spata, German"]
[Black "Bach, Matthias"]
[Result "1/2-1/2"]
[WhiteElo "2383"]
[BlackElo "2226"]
[PlyCount "128"]
[EventDate "2023.05.23"]
[EventType "swiss (blitz)"]
[EventRounds "11"]
[EventCountry "USA"]
[SourceTitle "EXT 2024"]
[Source "ChessBase"]
[SourceDate "2023.10.10"]
[SourceVersion "1"]
[SourceVersionDate "2023.10.10"]
[SourceQuality "1"]

1. Nf3 Nf6 2. g3 c5 3. Bg2 d5 4. Kf1 e6 5. d3 Nc6 6. Nbd2 Be7 7. Kg1 0-0 8. h3 h5 9. Kh2 e5 10. e4 Nd4 11. c3 Nxf3+ 12. Bxf3 dxe4 13. dxe4 h4 14. Nc4 hxg3+ 15. fxg3 Qc7 16. Kg2 Be6 17. Qe2 Rad8 18. Bg5 Nh7 19. Be3 f5 20. exf5 Rxf5 21. Be4 Bd5 22. Bxd5+ Rxd5 23. Rad1 e4 24. Rxd5 Rxd5 25. Rd1 Qd7 26. Rd2 b5 27. Na5 Rd3 28. Nb3 Qd5 29. Rxd3 exd3+ 30. Qf3 Qxf3+ 31. Kxf3 c4 32. Nd2 a6 33. b3 cxb3 34. axb3 a5 35. Ke4 a4 36. bxa4 bxa4 37. Kxd3 a3 38. Kc2 Nf6 39. Kb3 Nd5 40. Bd4 Bd6 41. Ne4 Be7 42. c4 Nc7 43. Bc5 Bxc5 44. Nxc5 Kf7 45. Kxa3 Kf6 46. Kb4 Ke5 47. Nd7+ Ke4 48. Kc5 Kf3 49. Kc6 Ne6 50. Kd6 Nd8 51. Ke7 Nc6+ 52. Kd6 Nb4 53. Ne5+ Kxg3 54. Ke6 Kxh3 55. Kf5 Kg3 56. c5 Kf2 57. Ke4 g5 58. Nd3+ Nxd3 59. Kxd3 g4 60. c6 g3 61. c7 g2 62. c8Q g1Q 63. Qc5+ Kf1 64. Qxg1+ Kxg1 1/2-1/2

[Event "Titled Tuesday intern op 14th Mar Late"]
[Site "Chess.com INT"]
[Date "2023.03.14"]
[Round "10"]
[White "Bach, Matthias"]
[Black "Womacka, Mathias"]
[Result "0-1"]
[WhiteElo "2198"]
[BlackElo "2403"]
[PlyCount "36"]
[EventDate "2023.03.14"]
[EventType "swiss (blitz)"]
[EventRounds "11"]
[EventCountry "USA"]
[SourceTitle "EXT 2024"]
[Source "ChessBase"]
[SourceDate "2023.10.10"]
[SourceVersion "1"]
[SourceVersionDate "2023.10.10"]
[SourceQuality "1"]

1. d4 Nf6 2. c4 e6 3. Nc3 Bb4 4. Bg5 c5 5. d5 Bxc3+ 6. bxc3 h6 7. Bh4 d6 8. e3 Qe7 9. Nf3 e5 10. Nd2 g5 11. Bg3 Bf5 12. Be2 Nbd7 13. 0-0 h5 14. f4 h4 15. fxg5 hxg3 16. gxf6 Qxf6 17. Ne4 Qh6 18. hxg3 Bxe4 0-1

[Event "Walsrode Chessemy op-A"]
[Site "Walsrode"]
[Date "2023.03.10"]
[Round "7"]
[White "Holtel, Jasper"]
[Black "Bach, Matthias"]
[Result "1-0"]
[WhiteElo "2325"]
[BlackElo "2198"]
[PlyCount "83"]
[EventDate "2023.03.04"]
[EventType "swiss"]
[EventRounds "9"]
[EventCountry "GER"]
[SourceTitle "CBM 213 Extra"]
[Source "ChessBase"]
[SourceDate "2023.05.31"]
[SourceVersion "1"]
[SourceVersionDate "2023.05.31"]
[SourceQuality "1"]

1. Nf3 c5 2. g3 d5 3. Bg2 Nc6 4. d4 e6 5. 0-0 Nf6 6. c4 Be7 7. cxd5 exd5 8. dxc5 Bxc5 9. a3 0-0 10. b4 Bb6 11. Nc3 Re8 12. Bg5 Be6 13. Na4 h6 14. Nxb6 axb6 15. Bc1 Nxb4 16. Bxh6 Nc6 17. Bg5 d4 18. Nd2 Bf5 19. Re1 Re6 20. Qb3 Ra5 21. Qb2 Bg6 22. h4 Rc5 23. Rac1 Rxc1 24. Qxc1 Qe8 25. Bxf6 Rxf6 26. Bf3 Re6 27. Rd1 Re5 28. Kg2 Qe6 29. Qb2 b5 30. Nb3 d3 31. exd3 Bh5 32. Bxh5 Rxh5 33. f3 Re5 34. Rd2 Re3 35. Rf2 Qd5 36. Nd2 Qxd3 37. h5 Nd4 38. Qc1 Re2 39. Rxe2 Qxe2+ 40. Kh3 Nxf3 41. Qc8+ Kh7 42. Qf5+ 1-0

[Event "Titled Tuesday intern op 7th Mar Late"]
[Site "Chess.com INT"]
[Date "2023.03.07"]
[Round "7"]
[White "Bach, Matthias"]
[Black "Cuenca Jimenez, Jose Fernando"]
[Result "1-0"]
[WhiteElo "2198"]
[BlackElo "2553"]
[PlyCount "69"]
[EventDate "2023.03.07"]
[EventType "swiss (blitz)"]
[EventRounds "11"]
[EventCountry "USA"]
[SourceTitle "EXT 2024"]
[Source "ChessBase"]
[SourceDate "2023.10.10"]
[SourceVersion "1"]
[SourceVersionDate "2023.10.10"]
[SourceQuality "1"]

1. d4 Nf6 2. c4 g6 3. Nc3 Bg7 4. e4 d6 5. f4 c5 6. d5 0-0 7. Nf3 e6 8. Be2 exd5 9. cxd5 Nbd7 10. 0-0 Re8 11. Nd2 c4 12. e5 dxe5 13. Nxc4 exf4 14. Bxf4 Nb6 15. Nd6 Rf8 16. Nxc8 Rxc8 17. d6 Nc4 18. Bxc4 Qb6+ 19. Kh1 Rxc4 20. Qe2 Qc6 21. Rad1 Rc5 22. Qd2 Qd7 23. Bg5 Ng4 24. Be7 Rfc8 25. h3 Ne5 26. Ne4 Rc2 27. Qd5 Kh8 28. Ng5 Qc6 29. Qxc6 R2xc6 30. Nxf7+ Nxf7 31. Rxf7 Kg8 32. Rff1 Bf8 33. Bxf8 Rxf8 34. Rxf8+ Kxf8 35. d7 1-0

[Event "Titled Tuesday intern op 7th Mar Late"]
[Site "Chess.com INT"]
[Date "2023.03.07"]
[Round "2"]
[White "Bach, Matthias"]
[Black "Fus, Jakub"]
[Result "0-1"]
[WhiteElo "2198"]
[BlackElo "2417"]
[PlyCount "61"]
[EventDate "2023.03.07"]
[EventType "swiss (blitz)"]
[EventRounds "11"]
[EventCountry "USA"]
[SourceTitle "EXT 2024"]
[Source "ChessBase"]
[SourceDate "2023.10.10"]
[SourceVersion "1"]
[SourceVersionDate "2023.10.10"]
[SourceQuality "1"]

1. d4 e6 2. c4 Nf6 3. Nc3 d5 4. Nf3 dxc4 5. e3 a6 6. Bxc4 b5 7. Bb3 Bb7 8. 0-0 c5 9. dxc5 Bxc5 10. Qxd8+ Kxd8 11. Ne5 Ke7 12. a4 b4 13. Ne2 Nc6 14. Nd3 Bb6 15. Bc4 Ne4 16. b3 Rac8 17. Bb2 f6 18. Rfd1 Nd6 19. Nd4 Nxd4 20. Bxd4 Bxd4 21. exd4 Nxc4 22. bxc4 Rxc4 23. Nc5 Bc8 24. a5 Rd8 25. Nb3 Rc3 26. Rab1 Rd5 27. Nc5 Rc4 28. Nb3 Rc3 29. Nc5 e5 30. Ne4 Rc4 31. Ng3 0-1

[Event "Titled Tuesday intern op 7th Mar Late"]
[Site "Chess.com INT"]
[Date "2023.03.07"]
[Round "11"]
[White "Bach, Matthias"]
[Black "Gavrilin, Roman"]
[Result "1-0"]
[WhiteElo "2198"]
[BlackElo "2152"]
[PlyCount "59"]
[EventDate "2023.03.07"]
[EventType "swiss (blitz)"]
[EventRounds "11"]
[EventCountry "USA"]
[SourceTitle "EXT 2024"]
[Source "ChessBase"]
[SourceDate "2023.10.10"]
[SourceVersion "1"]
[SourceVersionDate "2023.10.10"]
[SourceQuality "1"]

1. d4 Nf6 2. c4 e6 3. Nc3 Bb4 4. Bg5 h6 5. Bh4 0-0 6. e3 d6 7. Bd3 Nbd7 8. Nge2 Re8 9. 0-0 Bxc3 10. Nxc3 e5 11. f4 exd4 12. exd4 c6 13. Kh1 Qb6 14. d5 Qxb2 15. Rc1 Qa3 16. Qc2 Ng4 17. Rce1 Rxe1 18. Rxe1 Ngf6 19. Ne4 Qb4 20. Qe2 cxd5 21. Nxf6+ gxf6 22. Qg4+ Kf8 23. Qh5 Kg7 24. Qf5 Nf8 25. Qxf6+ Kg8 26. Qxh6 Qc3 27. Re8 Qa1+ 28. Be1 Qg7 29. Bh7+ Qxh7 30. Rxf8# 1-0